Organizaciones modernas
Gorde:
| Egile nagusia: | |
|---|---|
| Formatua: | Liburua |
| Hizkuntza: | gaztelania |
| Argitaratua: |
Ciudad de México
UTEHA
1965
|
| Saila: | Manuales UTEHA. Ciencias Sociales, 271
|
| Gaiak: | |
| Etiketak: |
Etiketa erantsi
Etiketarik gabe, Izan zaitez lehena erregistro honi etiketa jartzen!
|
MARC
| LEADER | 00000nam a2200000 a 4500 | ||
|---|---|---|---|
| 001 | UCW7854 | ||
| 003 | CL-VaPUC | ||
| 008 | 930922e19650000MX |||||||||||||||||spa|d | ||
| 082 | 0 | 4 | |a 306 |b ETZ |2 21 |
| 100 | 0 | |a Etzioni, Amitai |e author |9 313067 | |
| 245 | 1 | 0 | |a Organizaciones modernas |
| 300 | |a 221 p | ||
| 942 | |c BK | ||
| 945 | |d 19930922 00:00:00 | ||
| 260 | |a Ciudad de México |b UTEHA |c 1965 | ||
| 650 | 0 | |a Asociaciones |9 257659 | |
| 650 | 0 | |a Sociología |9 255410 | |
| 583 | |a last modification |c 19930922 00:00:00 |k Rodrigo Vera | ||
| 490 | 0 | |a Manuales UTEHA. Ciencias Sociales, 271 | |
| 999 | |c 220496 |d 220494 | ||
| 952 | |0 0 |1 0 |4 0 |6 306_000000000000000_ETZ_1965 |7 0 |8 A |9 212806 |a BIBEDU |b BIBEDU |d 2019-11-15 |i 280980K |o 306 ETZ 1965 |p 280980K |r 2019-11-15 |w 2019-11-15 |y BK |k EDU | ||